Liege Airport Destinations - Statistics

General Stats
  • This quiz has been taken 42 times
  • The average score is 10 of 14
Answer Stats
Country City % Correct
Spain Málaga
88%
Spain Palma de Mallorca
84%
Israel Tel Aviv
84%
Spain Alicante
81%
Morocco Casablanca
81%
Morocco Rabat
75%
Greece Rhodes
75%
Greece Heraklion
72%
Morocco Tangier
72%
Spain Tenerife
69%
Spain Gran Canaria
59%
Tunisia Djerba
56%
Tunisia Enfidha
34%
Turkey Kayseri
25%
No matching quizzes found
Score Distribution
Percent of People with Each Score
Percentile by Number Answered
Your Score History
You have not taken this quiz